Riconosci gli Stati dal satellite - Quiz n°13 - Statistics

Statistiche generali
  • Questo quiz è stato fatto 5 volte
  • Il punteggio medio è 6 su 10
Statistiche sulle risposte
con Immagini Risposta % Corretto
Birmania
100%
Russia
100%
Tunisia
100%
Bangladesh
75%
Estonia
75%
Ecuador
50%
Isole Salomone
50%
Uruguay
50%
El Salvador
25%
Gabon
0%
Nessun quiz corrispondente trovato
Distribuzione punteggi
Percentuale di utenti per punteggio
Percentile per numero di risposta
I tuoi punteggi nel tempo
Non hai fatto questo quiz